Score 0/28 Timer 03:00
2 Plays Today
Hint Answer % Correct
To ____ a Mockingbird (1962)Kill
98.2%
When Harry ____ Sally (1989)Met
96.3%
____ Private Ryan (1998)Saving
94.9%
Some ____ It Hot (1959)Like
94.9%
The Day the Earth ____ Still (1951)Stood
94.7%
One ____ Over the Cuckoo's Nest (1975)Flew
94.1%
The Empire ____ Back (1980)Strikes
94%
Alice Doesn't ____ Here Anymore (1975)Live
93.5%
Mr. Smith ____ to Washington (1939)Goes
91.4%
____ in the Rain (1952)Singin'
91%
Dead Man ____ (1995)Walking
89.8%
____ Miss Daisy (1989)Driving
88.2%
For Whom the Bell ____ (1943)Tolls
87.2%
Who ____ Roger Rabbit (1988)Framed
86.5%
Hint Answer % Correct
To ____ a Thief (1955)Catch
84.8%
The Postman Always ____ Twice (1946)Rings
83.6%
____ M for Murder (1954)Dial
82.6%
What's ____ Gilbert Grape (1993)Eating
82.6%
Gentlemen ____ Blondes (1953)Prefer
81.9%
It ____ One Night (1934)Happened
79.9%
Desperately ____ Susan (1985)Seeking
79.2%
How to ____ a Millionaire (1953)Marry
75.7%
____ Arizona (1987)Raising
75.4%
A Tree ____ in Brooklyn (1945)Grows
74.6%
How Green ____ My Valley (1941)Was
71.7%
They ____ Horses, Don't They? (1969)Shoot
59.4%
____ Your Wagon (1969)Paint
56.4%
____ the Wind (1960)Inherit
27.2%

Today's Daily Dose

Remove Ads.
Support Sporcle.
Get the best of Sporcle when you Go Orange. This ad-free experience offers more features, more stats, and more fun while also helping to support Sporcle. Thank you for becoming a member.

You're not logged in!

Compare scores with friends on all Sporcle quizzes.
OR
Log In

Show Comments

Extras

Top Quizzes Today


Score Distribution

Your Account Isn't Verified!

In order to create a playlist on Sporcle, you need to verify the email address you used during registration. Go to your Sporcle Settings to finish the process.

Report this User

Report this user for behavior that violates our Community Guidelines.

Details: